| 000 | 01104cam a22002174a 4500 | ||
|---|---|---|---|
| 005 | 20250605164147.0 | ||
| 008 | 250528s ||||||||||||||||||||||||d | ||
| 035 | _a19219 | ||
| 020 | _a205325882 | ||
| 040 |
_aGR-AtMCL _bgre _dGR-AtMCL _eAACR2 |
||
| 245 | 1 | _aStudy Guide for Physiology of Behavior / Seventh Edition | |
| 250 | _a7th | ||
| 260 |
_bAllyn And Bacon, _c2001 |
||
| 300 | _a314 | ||
| 520 | _aIntroduction, Structure and Functions of Cells of the Nervous System, Structure of the Nervous System, Psychopharmacology, Methods and Strategies of Research, Vision, Audition and the Body Senses and the Chemical Senses, Control of Movement, Sleep and Biological Rhythms, Reproductive Behavior, Emotion, Ingestive Behavior: Drinking, Ingestive Behavior: Eating, Learning and Memory: Basic Mechanisms, Relational Learning and Amnesia, Human Communication, Schizophrenia and the Affective Disorders, Anxiety Disorders and Autistic Disorder and Stress Disorders, Drug Abuse. | ||
| 700 | 1 |
_aCarlson Mary _95459 |
|
| 700 | 1 |
_aCarlson Neil R _9206 |
|
| 942 | _cBK | ||
| 999 |
_c4486 _d4486 |
||